A short history of language movement / (Record no. 1946)

MARC details
000 -LEADER
fixed length control field 00634nam a2200205 a 4500
003 - CONTROL NUMBER IDENTIFIER
control field BD-DhJNU
005 - DATE AND TIME OF LATEST TRANSACTION
control field 20250727065312.0
008 - FIXED-LENGTH DATA ELEMENTS--GENERAL INFORMATION
fixed length control field 231109s2009 bg a|||g b||| 001 0|eng d
020 ## - INTERNATIONAL STANDARD BOOK NUMBER
International Standard Book Number 9843000018405
040 ## - CATALOGING SOURCE
Original cataloging agency BD-DhJNU
Language of cataloging ENG
Transcribing agency BD-DhJNU
Modifying agency BD-DhJNU
082 00 - DEWEY DECIMAL CLASSIFICATION NUMBER
Classification number 954.90 BAS
Edition number 23
100 1# - MAIN ENTRY--PERSONAL NAME
Personal name Barnik, M. A.
245 02 - TITLE STATEMENT
Title A short history of language movement /
Statement of responsibility, etc. M. A. Barnik
260 ## - PUBLICATION, DISTRIBUTION, ETC.
Place of publication, distribution, etc. Dhaka :
Name of publisher, distributor, etc. Bhashandolan Museum Charulilpi Prakashan,
Date of publication, distribution, etc. c2009.
300 ## - PHYSICAL DESCRIPTION
Extent 168 p. :
Other physical details ill. ;
Dimensions 22 cm.
526 ## - STUDY PROGRAM INFORMATION NOTE
Program name Language & Literature
526 ## - STUDY PROGRAM INFORMATION NOTE
Program name History & Philosophy
650 #4 - SUBJECT ADDED ENTRY--TOPICAL TERM
Topical term or geographic name entry element Bangladesh
General subdivision Languages
-- Political aspects.
942 ## - ADDED ENTRY ELEMENTS (KOHA)
Koha item type Books
Holdings
Withdrawn status Lost status Source of classification or shelving scheme Damaged status Not for loan Collection Home library Current library Shelving location Date acquired Source of acquisition Total checkouts Full call number Barcode Date last seen Copy number Price effective from Koha item type
    Dewey Decimal Classification     Non-fiction Jagannath University Central Library Jagannath University Central Library General stacks 07/27/2025 Purchased   954.90 BAS JNUCL26351 07/27/2025 1 07/27/2025 Books